La comadrona / (Registro nro. 2952)
[ vista simple ]
| 000 -LEADER | |
|---|---|
| campo de control de longitud fija | 01323nam a22002537a 4500 |
| 001 - NÚMERO DE CONTROL | |
| campo de control | 2952 |
| 003 - IDENTIFICADOR DE NÚMERO DE CONTROL | |
| campo de control | HMS |
| 005 - FECHA Y HORA DE LA ÚLTIMA TRANSACCIÓN | |
| campo de control | 20251113163356.0 |
| 008 - DATOS DE LONGITUD FIJA--INFORMACIÓN GENERAL | |
| campo de control de longitud fija | 251113e2011 cl |||gr|||| 00| f spa |
| 020 ## - NÚMERO INTERNACIONAL ESTÁNDAR DEL LIBRO | |
| Número Internacional Estándar del Libro | 9788420417196 |
| 040 ## - FUENTE DE CATALOGACIÓN | |
| Centro catalogador/agencia de origen | hms |
| Lengua de catalogación | spa |
| Centro/agencia transcriptor | hms |
| 082 04 - NÚMERO DE LA CLASIFICACIÓN DECIMAL DEWEY | |
| Número de clasificación | 894.54123 K43 |
| 100 1# - ENTRADA PRINCIPAL--NOMBRE DE PERSONA | |
| Nombre de persona | Kettu, Katja, |
| Fechas asociadas al nombre | 1978- |
| Término indicativo de función/relación | autora |
| 9 (RLIN) | 4748 |
| 245 13 - MENCIÓN DEL TÍTULO | |
| Título | La comadrona / |
| Mención de responsabilidad, etc. | Katja Kettu ; traducción de Dulce Fernández Anguita. |
| Medio | [libro] |
| 246 30 - FORMA VARIANTE DEL TITULO | |
| Título propio/Titulo breve | Kätilö |
| 250 ## - MENCION DE EDICION | |
| Mención de edición | julio 2014 |
| 260 ## - PUBLICACIÓN, DISTRIBUCIÓN, ETC. | |
| Lugar de publicación, distribución, etc. | Madrid, España : |
| Nombre del editor, distribuidor, etc. | Alfaguara, |
| Fecha de publicación, distribución, etc. | 2011 |
| 300 ## - DESCRIPCIÓN FÍSICA | |
| Extensión | 408 páginas |
| 500 ## - NOTA GENERAL | |
| Nota general | Incluye índice |
| 520 ## - RESUMEN, ETC. | |
| Sumario, etc. | "Laponia, 1944: hasta los rincones más inhóspitos de Finlandia llegan los ecos de la Segunda Guerra Mundial. Por las venas de la comadrona fluye sangre de un padre comunista salvajemente represaliado. Desde su infancia vive aislada de una sociedad que la desprecia. Pero su mundo sufre un vuelco cuando un enigmático oficial alemán de la SS la descubre con un cordón umbilical entre los dientes: es la primera vez que alguien la mira de verdad. Su amor la impulsa a seguir a Johannes hasta el campo de prisioneros al que ha sido enviado y más allá. Hasta la muerte si es necesario." -- contra portada |
| 650 #7 - PUNTO DE ACCESO ADICIONAL DE MATERIA--TÉRMINO DE MATERIA | |
| Término de materia o nombre geográfico como elemento de entrada | Novelas finlandesas |
| 9 (RLIN) | 4749 |
| 650 #7 - PUNTO DE ACCESO ADICIONAL DE MATERIA--TÉRMINO DE MATERIA | |
| Término de materia o nombre geográfico como elemento de entrada | Historias de amor finlandesas |
| 9 (RLIN) | 4750 |
| 942 ## - ELEMENTOS DE ENTRADA SECUNDARIOS (KOHA) | |
| Fuente del sistema de clasificación o colocación | Clasificación Decimal Dewey |
| Tipo de ítem Koha | Colección General |
| Suprimir en OPAC | No |
| Estatus retirado | Estado de pérdida | Fuente del sistema de clasificación o colocación | Estado de daño | No para préstamo | Colección | Biblioteca de origen | Biblioteca actual | Ubicación en estantería | Fecha de adquisición | Fuente de adquisición | Número de inventario | Total de préstamos | Total de renovaciones | Signatura topográfica completa | Código de barras | Visto por última vez | Fecha del último préstamo | Copia número | Precio de reemplazo | Tipo de ítem Koha |
|---|---|---|---|---|---|---|---|---|---|---|---|---|---|---|---|---|---|---|---|---|
| Clasificación Decimal Dewey | Colección General | Biblioteca Hospital Militar de Santiago | Biblioteca Hospital Militar de Santiago | Exhibido | 13/11/2025 | Donación | 0003011 | 1 | 1 | 894.54123 K43 2011 | 0003011 | 25/02/2026 | 07/01/2026 | c.1 | 13/11/2025 | Colección General |
